Kraje które były z Polską w Unii Personalnej - Statystyki

Ogólne statystyki
  • Ten quiz został rozwiązany 484 razy
  • Średni wynik to 5 z 8
Statystyki odpowiedzi
Hint Odpowiedź % Poprawnych
1385-1440 1447-1492 -1501-1569 Litwa
94%
1003-1004 1300-1306 Czechy
79%
1370-1382 1440-1444 Wegry
77%
1815-1831 Rosja
66%
1592-1599 Szwecja
52%
1697-1706 1709-1763 1807-1815 Saksonia
43%
1574-1575 Francja
40%
1576-1586 Siedmiogrod
25%
Nie znaleziono quizów pasujących do podanych kryteriów
Rozkład punktacji
Procent ludzi z każdym wynikiem
Percentyl według liczby udzielonych odpowiedzi
Twoja historia wyników
Nie rozwiązałeś tego quizu